| 000 | 02591cam a22006494i 4500 | ||
|---|---|---|---|
| 003 | PE-LiUPU | ||
| 005 | 20250731170414.0 | ||
| 008 | 161206s2015 mx rb 001 0 spa d | ||
| 020 | _a9786074485059 | ||
| 035 | _a(Sirsi) a165538 | ||
| 040 |
_aPE-LiUPU _bspa _cPE-LiUPU _erda |
||
| 041 | 1 |
_aspa _heng |
|
| 049 | _aPRUA | ||
| 082 | 0 | 4 |
_a158.3 _bM879e _223 |
| 100 | 1 |
_aMorrison, James, _eautor. |
|
| 245 | 1 | 3 |
_aLa entrevista psicológica / _cJames Morrison. |
| 250 | _aPrimera edición. | ||
| 264 | 1 |
_aMéxico : _bManual Moderno, _c2015. |
|
| 300 |
_aXIV, 313 páginas ; _c23 centímetros. |
||
| 336 |
_atext _2rdacontent |
||
| 337 |
_aunmediated _2rdamedia |
||
| 338 |
_avolume _2rdacarrier |
||
| 504 | _aBibliografía : páginas 295-299. | ||
| 504 | _aÍndice : páginas 301-313. | ||
| 505 | 0 | _a¿Qué significa entrevistar? -- Aperturas e introducciones -- Motivo de consulta y discurso libre -- Establecimiento del rapport -- El inicio de la entrevista -- Historia del padecimiento actual -- Hechos acerca del padecimiento actual -- Sentimientos de la entrevista -- Historia personal y social -- Temas delicados -- Control de la entrevista posterior -- Examen del estado mental I: aspectos conductuales -- Examen del estado mental II: aspectos cognitivos -- Signos y síntomas de áreas de interés clínico -- Cierre -- Entrevista a informantes -- Resistencias -- Conductas y temas especiales o difíciles -- Diagnóstico y recomendaciones -- Comunicar los resultados al paciente -- Comunicar los resultados -- Problemas y soluciones en la entrevista inicial. | |
| 526 | _aSEG68 | ||
| 526 | _aSEG70 | ||
| 526 | _aSEG69 | ||
| 526 | _aSEG67 | ||
| 526 | _aSEG43 | ||
| 526 | _aP144 | ||
| 526 | _aP143 | ||
| 526 | _aP131 | ||
| 526 | _aP122 | ||
| 526 | _aP120 | ||
| 526 | _aP117 | ||
| 526 | _aP112 | ||
| 526 | _aP110 | ||
| 526 | _aP106 | ||
| 526 | _aP101 | ||
| 526 | _aP80 | ||
| 526 | _aP59 | ||
| 526 | _aP54 | ||
| 526 | _aP35 | ||
| 526 | _aP33 | ||
| 526 | _aP30 | ||
| 534 |
_pTítulo original : _tThe frist Interview, 4th edition. |
||
| 650 | 1 | 4 |
_aEntrevistas en Psiquiatría. _9351 |
| 650 | 2 | 4 |
_aPsicoanálisis. _95668 |
| 650 | 2 | 4 |
_aPsicodiagnóstico. _95669 |
| 650 | 2 | 4 |
_aPsicoterapeuta y paciente. _95670 |
| 942 |
_2ddc _cBK |
||
| 980 |
_81 _gALBERTO SANCHEZ Responsable de Automatización |
||
| 999 |
_c14318 _d14318 |
||